Catálogo
 En Linea

Visión de Hostos sobre Duarte : (Registro nro. 38653)

Detalles MARC
000 -CABECERA
campo de control de longitud fija 01466nam a2200301 a 4500
001 - NÚMERO DE CONTROL
campo de control 000039163
005 - FECHA Y HORA DE LA ÚLTIMA TRANSACCIÓN
campo de control 20240705073647.0
008 - DATOS DE LONGITUD FIJA--INFORMACIÓN GENERAL
campo de control de longitud fija 130604s2013 dr ac 000 0 spa d
020 ## - NÚMERO INTERNACIONAL ESTÁNDAR DEL LIBRO
Número Internacional Estándar del Libro 9789945074833
040 ## - FUENTE DE LA CATALOGACIÓN
Centro catalogador/agencia de origen DO-SdBNP
Lengua de catalogación spa
Centro/agencia transcriptor BNPHU
082 ## - NÚMERO DE LA CLASIFICACIÓN DECIMAL DEWEY
Número de clasificación 923.27293
Número de documento/Ítem V831H
245 00 - MENCIÓN DE TÍTULO
Título Visión de Hostos sobre Duarte :
Resto del título a propósito del bicentenario del natalicio de Juan Pablo Duarte (1813-2013) /
Mención de responsabilidad, etc. compilado y editado por Miguel Collado.
260 ## - PUBLICACIÓN, DISTRIBUCIÓN, ETC.
Lugar de publicación, distribución, etc. Santo Domingo :
Nombre del editor, distribuidor, etc. Archivo General de la Nación,
Fecha de publicación, distribución, etc. 2013.
300 ## - DESCRIPCIÓN FÍSICA
Extensión 101 p. :
Otras características físicas il., retrs. ;
Dimensiones 22 cm.
490 1# - MENCIÓN DE SERIE
Mención de serie Archivo General de la Nación
Designación de volumen o secuencia 178
504 ## - NOTA DE BIBLIOGRAFÍA, ETC.
Nota de bibliografía, etc. Bibliografía : p. 79-88
500 ## - NOTA GENERAL
Nota general Incluye datos biográficos del editor en la solapa de la contracubierta
500 ## - NOTA GENERAL
Nota general Incluye referencias bibliográficas y notas al pie de las páginas
505 0# - NOTA DE CONTENIDO CON FORMATO
Nota de contenido con formato Prefacio --
Título Duarte --
-- El Municipio de Santo Domingo --
-- Duarte y Sánchez como ejemplos de patriotismo infortunado --
-- Sánchez-Mella --
-- La asamblea del 27 --
-- Apéndices.
590 ## - NOTA LOCAL (RLIN)
Nota local Inventariado, 2019/VM
600 10 - PUNTO DE ACCESO ADICIONAL DE MATERIA--NOMBRE DE PERSONA
Nombre de persona Duarte, Juan Pablo,
Fechas asociadas al nombre 1813-1876
9 (RLIN) 1494
600 10 - PUNTO DE ACCESO ADICIONAL DE MATERIA--NOMBRE DE PERSONA
Nombre de persona Hostos, Eugenio María de,
Fechas asociadas al nombre 1839-1903
9 (RLIN) 1352
651 #0 - PUNTO DE ACCESO ADICIONAL DE MATERIA--NOMBRE GEOGRÁFICO
Nombre geográfico República Dominicana --
Subdivisión general Historia --
Subdivisión cronológica 1844-1930
9 (RLIN) 1009
651 #4 - PUNTO DE ACCESO ADICIONAL DE MATERIA--NOMBRE GEOGRÁFICO
Nombre geográfico República Dominicana
Subdivisión de forma BIOGRAFÍAS
9 (RLIN) 1083
700 1# - PUNTO DE ACCESO ADICIONAL--NOMBRE DE PERSONA
Nombre de persona Collado, Miguel A.,
Fechas asociadas al nombre 1954-
Término indicativo de función/relación comp.
9 (RLIN) 24696
830 #0 - PUNTO DE ACCESO ADICIONAL DE SERIE-TÍTULO UNIFORME
Título uniforme Publicaciones del Archivo General de la Nación
Número de parte o sección de la obra 178
9 (RLIN) 65365
910 ## - DATOS DE OPCIÓN DEL USUARIO (OCLC)
Datos de opción del usuario Validado. Control de calidad MFF
Existencias
Estado de retiro Estado de pérdida Restricciones de uso No para préstamo Código de colección Localización permanente Ubicación/localización actual Ubicación en estantería Fecha de adquisición Número de inventario Total de préstamos Signatura topográfica completa Código de barras Fecha visto por última vez Número de copia Precio válido a partir de Tipo de ítem Koha
        Dominicana de Servicio General General Depósito 04.06.2013 LF1   923.27293 V831H 39163-30 25.06.2020 e. 3 25.06.2020 Libro y Folleto Colección Dominicana de Servicio
        Dominicana de Servicio General General Depósito 04.06.2013 LF1   923.27293 V831H 39163-40 25.06.2020 e. 4 25.06.2020 Libro y Folleto Colección Dominicana de Servicio
        Dominicana de Servicio General General Depósito 04.06.2013 LF1   923.27293 V831H 39163-50 25.06.2020 e. 5 25.06.2020 Libro y Folleto Colección Dominicana de Servicio
      Excluido de préstamo Patrimonio Dominicano Patrimonio Dominicano Patrimonio Dominicano Depósito 04.06.2013 LF1   923.27293 V831H 39163-10 25.06.2020   25.06.2020 Libro y Folleto Colección Patrimonio Dominicano
      Excluido de préstamo Patrimonio Dominicano Patrimonio Dominicano Patrimonio Dominicano Depósito 04.06.2013 LF1   923.27293 V831H 39163-20 25.06.2020 e. 2 25.06.2020 Libro y Folleto Colección Patrimonio Dominicano

Con tecnología Koha